00735nam a22001937a 450000500170000001000150001702000270003202000240005903500130008303700130009608200120010924501930012126000450031427000640035930000270042350000500045060000190050060000220051920140619150651.0 aENG-110338 a9780198099062c1150.00 a0198099061c1150.00 aEN-93870 bDBAD/PUB a330.954 aEmerging issues in economic development :cedited by Sugata Marjit [and] Meenakshi Rajeevba contemporary theoretical perspective : essays in honour of Dipankar Dasgupta [and] Amitava Bose aNew DelhibOxford University Pressc2014 aYMCA Library Building, 1 Jai Singh Road bNew Delhie110001 axxviii,300p.c23cm(Hb) aIncludes bibliographical references and index aMarjit, Sugata aMeenakshi Rajeev